000 00544nam a2200217Ia 4500
003 OSt
005 20220924133651.0
006 a|||||r|||| 00| 0
007 ta
008 220923b |||||||| |||| 00| 0 snd d
024 _a267758
037 _cTextual
040 _aARTS
_cARTS
_bsnd
041 _2snd
_asnd
082 _aO157:3M76:47, 1593K6
100 _aChandra Sharat
245 0 _aNari'a jo milh
260 _c1966
942 _hO157:3M76:47, 1593K6
_cTEXL
_2CC
999 _c434634
_d434634